Strojníctvo II pre 1. až 4. ročník SOU /

Hlavní autor: Doleček, Josef
Další autoři: Holoubek, Zdeněk
Jazyk: Slovenština
Vydáno: Bratislava : Alfa, 1985
Vydání: 1. vyd.
Edice: Edícia strojárskej literatúry (Alfa)
Fyzický popis: 194 s.
Knihy
Uloženo v:
LEADER 00856nam a2200253 a 4500
001 000425508
003 CZ BrMZK
005 20090226130628.0
007 ta
008 950101s1985 xo f 000 0 slo d
040 |a BOA001  |b cze 
080 |a 621.01(075.3)  |2 MRF 
100 1 |a Doleček, Josef  |7 jk01022564  |4 aut 
245 1 0 |a Strojníctvo II pre 1. až 4. ročník SOU /  |c Jozef Doleček, Zdeněk Holoubek 
250 |a 1. vyd. 
260 |a Bratislava :  |b Alfa,  |c 1985 
300 |a 194 s. 
490 1 |a Edícia strojárskej literatúry 
700 1 |a Holoubek, Zdeněk  |7 jx20040603003  |4 aut 
765 0 |t Strojnictví II pro 2. až 4. ročník SOU  |9 Slovensky 
830 0 |a Edícia strojárskej literatúry (Alfa)  |0 s 
910 |a BOA001  |b 2-0895.682 
990 |a BK 
996 7 |b 2619384466  |c 2-0895.682  |l MZK  |r Sklad / do 1 hodiny  |n 0  |w 000425508  |u 000010  |a 1  |e BOA001  |j MZK50  |s A